|
|
|
|
| LEADER |
00000nam a2200000 a 4500 |
| 003 |
Ucuenca |
| 005 |
20240301102623.0 |
| 008 |
016012|1977 ec |||||r|||||||||||spa|| |
| 040 |
|
|
|b spa
|
| 041 |
0 |
|
|a spa
|
| 082 |
0 |
|
|a E861.4
|
| 100 |
1 |
|
|a Romero y Cordero, Remigio.
|d 1895-1967
|9 6412
|
| 245 |
|
|
|a Condoricamente: libro dedicado a las tierras leonesas
|c Remigio Romero y Cordero
|h imp
|
| 264 |
|
|
|a Cuenca
|b Municipio de Cuenca
|c 1977
|
| 300 |
|
|
|a 96 páginas:
|c 21.5 cm
|
| 505 |
3 |
|
|a Sonetario inicial -- Sonetario de las aguas -- Sonetario de las montañas -- Sonetario del paisaje Levantino -- Sonetario de los árboles -- Sonetario de los caminos y de los senderos -- Sonetario de las aves y de las bestias -- Sonetario de los Dioses y de la raza indígena -- Sonetario final.
|
| 650 |
|
0 |
|a Poesía cuencana
|9 4951
|
| 650 |
|
0 |
|a Literatura ecuatoriana
|9 307
|
| 852 |
|
|
|a UC-CDJBV
|f Donación
|l 1
|m General
|p 20160128
|q 1.00
|r 2
|t si11236
|b 0
|d CDRC
|e CDRC
|g E861.4 ESTANTERIA CERRADA
|z 2016-60-12
|
| 856 |
|
|
|a http://sibuc.ucuenca.edu.ec/portada/si11236-cdj.jpg
|
| 942 |
|
|
|c BK
|2 ddc
|z lucia.mora@ucuenca.edu.ec
|
| 999 |
|
|
|c 73789
|d 73789
|